zpět

Detail výsledku týmu

Harry, Brno

Datum a čas kvízu

24 Celkem bodů Celkový počet nahraných bodů na tomto kvízu bez doplňovacích otázek.
18. Pořadí na kvízu Konečné umístění týmu na tomto kvízu.

Zaznamenané odpovědi

# Otázka Odpověď Body Výsledky
1. Jedinou ženou zvolenou v pátek... Žídková 0
2. Ve středu lehla popelem zbrusu... v Německu 0
3. Minulý týden měla premiéru fil... Výjimečný stav, Jan Hřebejk 0
4. Ve které evropské metropoli se... v Paříži 0
5. Ve kterém sportu na sebe minul... v šipkách 1
6. Tentokrát se v gastronomickém... konvektomat 1
7. Napište dvě slova pocházející... sous-vide 1
8. Nyní se podíváme na symboly, k... č. 4 0
9. Napište značku nádobí, kterou... Remoska 0
10. Tento nástroj je používán při... ústřice 1